[Event "1MCRE_F"]
[Site "?"]
[Date "2001.??.??"]
[Round "?"]
[White "Pfeifer, Miroslav"]
[Black "Makovsky, Petr"]
[Result "0-1"]
[WhiteElo "2310"]
[BlackElo "2295"]
[PlyCount "56"]
[EventDate "2001.??.??"]
[EventType "corr"]

1. e4 e5 2. f4 exf4 3. Bc4 Nf6 4. Nc3 c6 5. d4 Bb4 6. e5 Ne4 7. Kf1 Nxc3 8.
bxc3 d5 9. exd6 Bxd6 10. Qf3 O-O 11. Ne2 Nd7 12. Bxf4 Nf6 13. Bg5 Be7 14. Ng3
Bg4 15. Qd3 Nd5 16. Bd2 Bg5 17. h3 Be6 18. Kg1 Re8 19. Bxd5 Bxd5 20. Kh2 Bh4
21. Rhf1 b5 22. Rf2 Re6 23. Bf4 g5 24. Bd2 Qc7 25. Re1 Bc4 26. Qf3 Rxe1 27.
Bxe1 Re8 28. Bd2 Bd5 0-1

[Event "1MCRE_F"]
[Site "?"]
[Date "2001.??.??"]
[Round "?"]
[White "Makovsky, Petr"]
[Black "Zpevakova, Katerina"]
[Result "1/2-1/2"]
[WhiteElo "2295"]
[BlackElo "2325"]
[PlyCount "70"]
[EventDate "2001.??.??"]
[EventType "corr"]

1. e4 c5 2. Nf3 e6 3. d4 cxd4 4. Nxd4 a6 5. Nc3 Qc7 6. Be2 b5 7. O-O Bb7 8. Bf3
Nc6 9. Nxc6 dxc6 10. a4 b4 11. Ne2 Rd8 12. Qe1 Bd6 13. Ng3 a5 14. Qe2 Ne7 15.
c3 bxc3 16. bxc3 O-O 17. Be3 c5 18. e5 Bxe5 19. Bxb7 Qxb7 20. Bxc5 Bd6 21. Rab1
Qc6 22. Bd4 Qxa4 23. Ra1 Qd7 24. Nh5 f6 25. Rfd1 Qc7 26. Qxe6+ Kh8 27. Qg4 Ng6
28. Ng3 Rfe8 29. Qf5 Be5 30. Qd3 Rd5 31. Bxe5 Rdxe5 32. Ra4 Qc6 33. Rc4 Qa6 34.
h3 Nf8 35. Ra4 Qxd3 1/2-1/2

[Event "1MCRE_F"]
[Site "?"]
[Date "2001.??.??"]
[Round "?"]
[White "Makovsky, Petr"]
[Black "Bures, Jilji"]
[Result "1/2-1/2"]
[WhiteElo "2295"]
[BlackElo "2285"]
[PlyCount "69"]
[EventDate "2001.??.??"]
[EventType "corr"]

1. e4 c5 2. Nf3 Nc6 3. d4 cxd4 4. Nxd4 Nf6 5. Nc3 e5 6. Ndb5 d6 7. Bg5 a6 8.
Na3 b5 9. Nd5 Be7 10. Bxf6 Bxf6 11. c3 O-O 12. Nc2 Bg5 13. a4 bxa4 14. Rxa4 a5
15. Bc4 Kh8 16. O-O f5 17. exf5 Bxf5 18. Nce3 Bd7 19. b3 Rb8 20. Re1 Ne7 21.
Ra2 Nf5 22. Nxf5 Bxf5 23. Qe2 Rc8 24. Rea1 Rc5 25. b4 axb4 26. cxb4 Rc8 27. Ra6
Bh4 28. g3 Bf6 29. Ne3 Bg6 30. Be6 Rb8 31. Qc4 Bg5 32. Nd5 Qe8 33. Nb6 Bd3 34.
Qxd3 Qxe6 35. Nd5 1/2-1/2

[Event "1MCRE_F"]
[Site "?"]
[Date "2001.??.??"]
[Round "?"]
[White "Priesol, Daniel"]
[Black "Ryska, Jiri"]
[Result "1/2-1/2"]
[WhiteElo "2285"]
[BlackElo "2210"]
[PlyCount "53"]
[EventDate "2001.??.??"]
[EventType "corr"]

1. e4 d5 2. exd5 Nf6 3. d4 Nxd5 4. Nf3 Bg4 5. c4 Nb6 6. Be2 e6 7. O-O c6 8.
Nbd2 Be7 9. h3 Bf5 10. Re1 N8d7 11. Nf1 Nf6 12. Qb3 Qc7 13. Ne5 Nbd7 14. Bf4
Qb6 15. Qxb6 Nxb6 16. a3 h6 17. Rad1 Rd8 18. Ng3 Bh7 19. b4 O-O 20. Rd2 Ne4 21.
Nxe4 Bxe4 22. Bf1 Bf5 23. Nf3 Nc8 24. Rdd1 Rfe8 25. Bb8 Bd6 26. Bxd6 Nxd6 27.
g4 1/2-1/2

[Event "1MCRE_F"]
[Site "?"]
[Date "2001.??.??"]
[Round "?"]
[White "Zpevakova, Katerina"]
[Black "Ryska, Jiri"]
[Result "1/2-1/2"]
[WhiteElo "2325"]
[BlackElo "2210"]
[PlyCount "57"]
[EventDate "2001.??.??"]
[EventType "corr"]

1. d4 d5 2. c4 c6 3. Nf3 Nf6 4. Nc3 dxc4 5. a4 Bf5 6. Ne5 e6 7. f3 Bb4 8. e4
Bxe4 9. fxe4 Nxe4 10. Bd2 Qxd4 11. Nxe4 Qxe4+ 12. Qe2 Bxd2+ 13. Kxd2 Qd5+ 14.
Kc3 O-O 15. Qe3 b5 16. Be2 Nd7 17. Nxd7 Qxd7 18. Qc5 Qd8 19. Rhf1 Rb8 20. Rad1
Qa5+ 21. Kc2 Qxa4+ 22. Kb1 Rbd8 23. Rxd8 Rxd8 24. Qe7 Rf8 25. Bg4 c3 26. Rxf7
Qe4+ 27. Ka2 Qa4+ 28. Kb1 Qe4+ 29. Ka2 1/2-1/2

[Event "1MCRE_F"]
[Site "?"]
[Date "2001.??.??"]
[Round "?"]
[White "Ryska, Jiri"]
[Black "Pfeifer, Miroslav"]
[Result "1/2-1/2"]
[WhiteElo "2210"]
[BlackElo "2310"]
[PlyCount "51"]
[EventDate "2001.??.??"]
[EventType "corr"]

1. d4 d5 2. Nf3 Nf6 3. c4 e6 4. Nc3 Bb4 5. Qb3 c5 6. Bg5 Nc6 7. dxc5 h6 8. Bxf6
Qxf6 9. e3 O-O 10. cxd5 exd5 11. Bb5 d4 12. Bxc6 dxc3 13. Qxb4 cxb2 14. Rb1
bxc6 15. Qxb2 Qf5 16. O-O Qxc5 17. Rfc1 Qd5 18. Nd4 Bd7 19. Qa3 Rfc8 20. Rc5
Qd6 21. Rb3 Rcb8 22. Qc1 Rb6 23. Ra5 Qc7 24. Rxb6 Qxb6 25. Rc5 Rb8 26. h3
1/2-1/2

[Event "1MCRE_F"]
[Site "?"]
[Date "2001.??.??"]
[Round "?"]
[White "Nemec, Jaroslav"]
[Black "Zpevakova, Katerina"]
[Result "0-1"]
[WhiteElo "2340"]
[BlackElo "2325"]
[PlyCount "42"]
[EventDate "2001.??.??"]
[EventType "corr"]

1. e4 c5 2. Nf3 e6 3. d4 cxd4 4. Nxd4 a6 5. Bd3 Nf6 6. O-O Qc7 7. Qe2 d6 8. c4
g6 9. Nc3 Bg7 10. Rd1 O-O 11. Nf3 Nc6 12. Bf4 Nd7 13. Rac1 Nde5 14. Qe3 b6 15.
Nxe5 Nxe5 16. Qd2 Bb7 17. b3 Rad8 18. f3 Qb8 19. Be2 Bc6 20. Na4 b5 21. Nb6
Qxb6+ 0-1

[Event "1MCRE_F"]
[Site "?"]
[Date "2001.??.??"]
[Round "?"]
[White "Gubas, Jan"]
[Black "Hybl, Vladislav"]
[Result "1/2-1/2"]
[WhiteElo "2250"]
[BlackElo "2305"]
[PlyCount "67"]
[EventDate "2001.??.??"]
[EventType "corr"]

1. e4 e5 2. Nf3 Nc6 3. Bb5 a6 4. Ba4 Nf6 5. O-O Be7 6. Re1 b5 7. Bb3 O-O 8. c3
d6 9. h3 Bb7 10. d4 Re8 11. Nbd2 Bf8 12. a3 h6 13. Ba2 Nb8 14. Qc2 c5 15. d5
Nbd7 16. c4 Nb6 17. b3 g6 18. Nf1 Bg7 19. Bd2 Nbd7 20. Ng3 Kh7 21. Rab1 Qc7 22.
b4 Rec8 23. Rec1 cxb4 24. axb4 bxc4 25. Qxc4 Qxc4 26. Bxc4 Nb6 27. Bf1 Rxc1 28.
Rxc1 Rc8 29. Rxc8 Bxc8 30. b5 axb5 31. Bxb5 Bf8 32. Bb4 Kg7 33. Kf1 Nfd7 34.
Nd2 1/2-1/2

[Event "1MCRE_F"]
[Site "?"]
[Date "2001.??.??"]
[Round "?"]
[White "Makovsky, Petr"]
[Black "Macka, Miroslav"]
[Result "1/2-1/2"]
[WhiteElo "2295"]
[BlackElo "2270"]
[PlyCount "92"]
[EventDate "2001.??.??"]
[EventType "corr"]

1. e4 c5 2. Nf3 e6 3. d4 cxd4 4. Nxd4 Nf6 5. Nc3 d6 6. Be2 a6 7. O-O Be7 8. f4
O-O 9. Be3 Qc7 10. g4 Nfd7 11. g5 Re8 12. Bd3 Nc6 13. Qh5 g6 14. Qh4 Bf8 15.
Rf3 Bg7 16. Nb3 f5 17. exf5 gxf5 18. Rh3 Nf8 19. Na4 Nb4 20. Nb6 Rb8 21. Qh5
Bd7 22. Nxd7 Qxd7 23. Bc1 Nxd3 24. Rxd3 Ng6 25. Rh3 Bh8 26. c3 e5 27. Be3 exf4
28. Ba7 Rbc8 29. Rf1 Re7 30. Bd4 Be5 31. Qd1 Nf8 32. Rh6 Qa4 33. Qb1 Rce8 34.
Bxe5 dxe5 35. Qxf5 Qxa2 36. Nc5 Qxb2 37. Ne4 Nd7 38. g6 Rf8 39. Qh5 f3 40. Nf2
Nf6 41. Qxf3 Kg7 42. Qe3 hxg6 43. Qg5 Qc2 44. Ng4 Ng8 45. Rxf8 Kxf8 46. Rxg6
Qb1+ 1/2-1/2

[Event "1MCRE_F"]
[Site "?"]
[Date "2001.??.??"]
[Round "?"]
[White "Doudera, Lubomir"]
[Black "Ryska, Jiri"]
[Result "1-0"]
[WhiteElo "2260"]
[BlackElo "2210"]
[PlyCount "47"]
[EventDate "2001.??.??"]
[EventType "corr"]

1. e4 d5 2. exd5 Nf6 3. d4 Nxd5 4. c4 Nf6 5. Nc3 e6 6. Nf3 c5 7. Be3 Ng4 8. Be2
Nxe3 9. fxe3 Be7 10. O-O O-O 11. Qc2 cxd4 12. exd4 Nd7 13. Rad1 Re8 14. c5 Nf8
15. b4 Nd7 16. d5 exd5 17. Nxd5 Nf8 18. Bc4 Kh8 19. Nc7 Qxc7 20. Ng5 Bxc5+ 21.
Kh1 f5 22. Nf7+ Kg8 23. Nd6+ Kh8 24. Nxe8 1-0

[Event "1MCRE_F"]
[Site "?"]
[Date "2001.??.??"]
[Round "?"]
[White "Gubas, Jan"]
[Black "Priesol, Daniel"]
[Result "1/2-1/2"]
[WhiteElo "2250"]
[BlackElo "2285"]
[PlyCount "73"]
[EventDate "2001.??.??"]
[EventType "corr"]

1. e4 c6 2. d4 d5 3. Nc3 dxe4 4. Nxe4 Nd7 5. Bc4 Ngf6 6. Ng5 e6 7. Qe2 Nb6 8.
Bb3 h6 9. N5f3 c5 10. Be3 Qc7 11. Ne5 a6 12. Ngf3 Nbd5 13. O-O Nxe3 14. fxe3
Bd6 15. Nc4 Be7 16. a4 O-O 17. a5 Bd7 18. Nb6 Rad8 19. Nxd7 Rxd7 20. c3 Bd6 21.
g3 Rc8 22. Nd2 cxd4 23. exd4 Qd8 24. Ne4 Be7 25. Rf2 Kf8 26. Nd2 Rdc7 27. Nf3
Bd6 28. Ne5 Qe8 29. Nc4 Be7 30. Nb6 Rb8 31. Ba4 Qd8 32. Re1 Kg8 33. Rf3 Qd6 34.
Kg2 Rd8 35. Ref1 Bf8 36. h3 Nh7 37. Kh2 1/2-1/2

[Event "1MCRE_F"]
[Site "?"]
[Date "2001.??.??"]
[Round "?"]
[White "Macka, Miroslav"]
[Black "Geryk, Miroslav"]
[Result "1/2-1/2"]
[WhiteElo "2270"]
[BlackElo "2225"]
[PlyCount "57"]
[EventDate "2001.??.??"]
[EventType "corr"]

1. e4 c5 2. Nf3 d6 3. d4 cxd4 4. Nxd4 Nf6 5. Nc3 a6 6. Bg5 e6 7. f4 Qb6 8. Nb3
Nbd7 9. Qf3 Be7 10. Be2 Qc7 11. O-O b5 12. Bd3 b4 13. Ne2 Bb7 14. Rad1 Nc5 15.
Nxc5 Qxc5+ 16. Kh1 h6 17. Bh4 Qh5 18. Qxh5 Nxh5 19. Bxe7 Kxe7 20. e5 Rhd8 21.
Kg1 dxe5 22. fxe5 f5 23. exf6+ Nxf6 24. Nf4 Nd5 25. Ng6+ Kd6 26. Rf7 Rd7 27.
Rxd7+ Kxd7 28. Ne5+ Kd6 29. Nc4+ 1/2-1/2

[Event "1MCRE_F"]
[Site "?"]
[Date "2001.??.??"]
[Round "?"]
[White "Geryk, Miroslav"]
[Black "Gubas, Jan"]
[Result "0-1"]
[WhiteElo "2225"]
[BlackElo "2250"]
[PlyCount "56"]
[EventDate "2001.??.??"]
[EventType "corr"]

1. e4 e6 2. d4 d5 3. Nc3 Bb4 4. e5 c5 5. a3 Bxc3+ 6. bxc3 Ne7 7. Qg4 O-O 8. Bd3
f5 9. exf6 Rxf6 10. Bg5 Rf7 11. Qh5 g6 12. Qd1 Nbc6 13. Nf3 Qa5 14. Bd2 c4 15.
Be2 Nf5 16. h4 Nd6 17. h5 Ne4 18. hxg6 hxg6 19. Rh6 Kg7 20. Rh4 Rf5 21. Qc1 Bd7
22. Qb2 b5 23. g4 Rf7 24. O-O-O Rh8 25. Rxh8 Kxh8 26. Rh1+ Kg8 27. Be1 Qc7 28.
Kb1 Qf4 0-1

[Event "1MCRE_F"]
[Site "?"]
[Date "2001.??.??"]
[Round "?"]
[White "Doudera, Lubomir"]
[Black "Hybl, Vladislav"]
[Result "1/2-1/2"]
[WhiteElo "2260"]
[BlackElo "2305"]
[PlyCount "31"]
[EventDate "2001.??.??"]
[EventType "corr"]

1. e4 Nf6 2. e5 Nd5 3. d4 d6 4. Nf3 g6 5. Bc4 c6 6. O-O dxe5 7. Nxe5 Bg7 8. Re1
Nd7 9. Nf3 O-O 10. Bb3 N7f6 11. c4 Nc7 12. h3 b5 13. Bg5 bxc4 14. Bxc4 Ne6 15.
Be3 Nd5 16. Nc3 1/2-1/2

[Event "1MCRE_F"]
[Site "?"]
[Date "2001.??.??"]
[Round "?"]
[White "Vrkoc, David"]
[Black "Ryska, Jiri"]
[Result "1/2-1/2"]
[WhiteElo "2335"]
[BlackElo "2210"]
[PlyCount "31"]
[EventDate "2001.??.??"]
[EventType "corr"]

1. c4 c5 2. g3 g6 3. Bg2 Bg7 4. Nc3 Nc6 5. e4 d6 6. Nge2 e5 7. d3 Nge7 8. O-O
O-O 9. Be3 Be6 10. h3 Qd7 11. Kh2 f5 12. Qd2 Nd4 13. f4 fxe4 14. Nxe4 Nef5 15.
Ng5 Nxe2 16. Qxe2 1/2-1/2

[Event "1MCRE_F"]
[Site "?"]
[Date "2001.??.??"]
[Round "?"]
[White "Lounek, Jan"]
[Black "Pytlik, Lesek"]
[Result "1/2-1/2"]
[WhiteElo "2245"]
[BlackElo "2260"]
[PlyCount "57"]
[EventDate "2001.??.??"]
[EventType "corr"]

1. e4 d5 2. exd5 Nf6 3. d4 Nxd5 4. Nf3 g6 5. c4 Nb6 6. Nc3 Bg7 7. c5 Nd5 8. Bc4
c6 9. Qb3 O-O 10. O-O Nxc3 11. bxc3 b5 12. cxb6 axb6 13. Re1 e6 14. Bd3 Nd7 15.
Bg5 Qc7 16. Bh4 Qa7 17. Bg3 Ba6 18. Be4 Rfc8 19. Ne5 Bxe5 20. Bxe5 Nxe5 21.
dxe5 Qc7 22. Rab1 b5 23. Bf3 Ra7 24. Rb2 Bb7 25. c4 bxc4 26. Qxc4 c5 27. Bxb7
Rxb7 28. Rxb7 Qxb7 29. a4 1/2-1/2

[Event "1MCRE_F"]
[Site "?"]
[Date "2001.??.??"]
[Round "?"]
[White "Nemec, Jaroslav"]
[Black "Vrkoc, David"]
[Result "1/2-1/2"]
[WhiteElo "2340"]
[BlackElo "2335"]
[PlyCount "35"]
[EventDate "2001.??.??"]
[EventType "corr"]

1. e4 c5 2. Nf3 d6 3. d4 cxd4 4. Nxd4 Nf6 5. Nc3 a6 6. Be3 e5 7. Nf3 Be7 8. Bc4
O-O 9. O-O Be6 10. Qe2 Bxc4 11. Qxc4 b5 12. Qd3 b4 13. Nd5 Nxd5 14. Qxd5 Nd7
15. Qd3 Qc7 16. a3 bxa3 17. Rxa3 Rfc8 18. Rxa6 1/2-1/2

[Event "1MCRE_F"]
[Site "?"]
[Date "2001.??.??"]
[Round "?"]
[White "Gubas, Jan"]
[Black "Lounek, Jan"]
[Result "1/2-1/2"]
[WhiteElo "2250"]
[BlackElo "2245"]
[PlyCount "137"]
[EventDate "2001.??.??"]
[EventType "corr"]

1. e4 e5 2. Nf3 Nc6 3. Bb5 a6 4. Ba4 Nf6 5. O-O Be7 6. Re1 b5 7. Bb3 O-O 8. c3
d6 9. h3 Bb7 10. d4 Re8 11. Nbd2 Bf8 12. a3 g6 13. Ba2 Bg7 14. b4 a5 15. d5 Ne7
16. Nb3 axb4 17. axb4 c6 18. Na5 Qc7 19. dxc6 Bxc6 20. Nxc6 Qxc6 21. Qb3 Rf8
22. Bg5 h6 23. Bxf6 Bxf6 24. Rad1 Bg7 25. Re2 Kh7 26. Bb1 Rac8 27. Re3 f5 28.
Qe6 Qc7 29. h4 Rf6 30. Qa2 Kh8 31. h5 fxe4 32. Bxe4 gxh5 33. Bb1 Qc4 34. Qxc4
bxc4 35. Re2 Kg8 36. Be4 Kf8 37. Red2 Rf4 38. Re1 Rf6 39. Red1 Rf4 40. Re2 Rf6
41. Ree1 Rb8 42. Kf1 Ke8 43. Nh4 Kf7 44. Bf3 Ke6 45. Bxh5 d5 46. Ra1 e4 47. Ra7
Rff8 48. Rea1 Rb6 49. Bg4+ Kf6 50. f4 Bh8 51. g3 Rg8 52. R1a6 Rgb8 53. Ke2 Rxa6
54. Rxa6+ Kf7 55. Bh5+ Kg8 56. Re6 Rb7 57. Kd2 d4 58. cxd4 Bxd4 59. Rxe4 c3+
60. Kd3 Bf6 61. Nf3 Nc6 62. Ne5 Bxe5 63. fxe5 Rxb4 64. Rxb4 Nxb4+ 65. Kxc3 Nc6
66. e6 Kf8 67. Kc4 Ke7 68. Kd5 Nb4+ 69. Ke5 1/2-1/2

[Event "1MCRE_F"]
[Site "?"]
[Date "2001.??.??"]
[Round "?"]
[White "Bultman, Milan"]
[Black "Priesol, Daniel"]
[Result "1/2-1/2"]
[WhiteElo "2295"]
[BlackElo "2285"]
[PlyCount "33"]
[EventDate "2001.??.??"]
[EventType "corr"]

1. d4 Nf6 2. Bg5 d5 3. Bxf6 exf6 4. e3 Bd6 5. c4 dxc4 6. Bxc4 O-O 7. Nc3 Re8 8.
Qh5 Be6 9. Bxe6 fxe6 10. Nf3 Nd7 11. O-O c6 12. e4 Qe7 13. Rfe1 Rad8 14. Rac1
Bc7 15. h3 Qf7 16. Qxf7+ Kxf7 17. b4 1/2-1/2

[Event "1MCRE_F"]
[Site "?"]
[Date "2001.??.??"]
[Round "?"]
[White "Geryk, Miroslav"]
[Black "Hybl, Vladislav"]
[Result "1-0"]
[WhiteElo "2225"]
[BlackElo "2305"]
[PlyCount "49"]
[EventDate "2001.??.??"]
[EventType "corr"]

1. e4 c5 2. Nf3 d6 3. d4 cxd4 4. Nxd4 Nf6 5. Nc3 a6 6. Be3 e5 7. Nb3 Be6 8. f3
Be7 9. Qd2 Nbd7 10. g4 h6 11. O-O-O b5 12. h4 b4 13. Nd5 Bxd5 14. exd5 Nb6 15.
Qxb4 Nfxd5 16. Bxb6 Nxb6 17. Qe4 Qc7 18. f4 exf4 19. Qxf4 Rc8 20. Bd3 Nc4 21.
Nd4 d5 22. Qxc7 Rxc7 23. Nf5 O-O 24. Bxc4 Bf6 25. Bxd5 1-0

[Event "1MCRE_F"]
[Site "?"]
[Date "2001.??.??"]
[Round "?"]
[White "Gubas, Jan"]
[Black "Doudera, Lubomir"]
[Result "1-0"]
[WhiteElo "2250"]
[BlackElo "2260"]
[PlyCount "63"]
[EventDate "2001.??.??"]
[EventType "corr"]

1. e4 d5 2. exd5 Qxd5 3. Nc3 Qa5 4. d4 Nf6 5. Nf3 Bg4 6. h3 Bh5 7. g4 Bg6 8.
Ne5 e6 9. Bg2 c6 10. Bd2 Qb6 11. Qe2 Qxd4 12. f4 Be7 13. O-O-O Nbd7 14. Be3 Qb4
15. Nc4 Nd5 16. f5 Nxc3 17. bxc3 Qa4 18. fxg6 hxg6 19. Kb1 Nb6 20. Nb2 Qa3 21.
Bd4 O-O 22. h4 Bd6 23. h5 e5 24. hxg6 exd4 25. g5 fxg6 26. Qe6+ Rf7 27. Rh8+
Kxh8 28. Qxf7 Bh2 29. Rxd4 Bg3 30. Rd1 Qd6 31. Rxd6 Bxd6 32. Qxg6 1-0

[Event "1MCRE_F"]
[Site "?"]
[Date "2001.??.??"]
[Round "58"]
[White "Lounek, Jan"]
[Black "Geryk, Miroslav"]
[Result "1-0"]
[WhiteElo "2245"]
[BlackElo "2225"]
[PlyCount "60"]
[EventDate "2001.??.??"]
[EventType "corr"]

1. d4 Nf6 2. c4 e6 3. Nf3 b6 4. g3 Ba6 5. b3 b5 6. cxb5 Bxb5 7. Bg2 d5 8. O-O
Nbd7 9. Re1 Rc8 10. Nc3 Ba6 11. Bb2 Bb7 12. Rc1 c5 13. e3 Be7 14. Re2 O-O 15.
dxc5 Nxc5 16. Rec2 Qa5 17. Nd4 Rfd8 18. a3 Ncd7 19. b4 Qb6 20. Bf1 a5 21. Na4
Qd6 22. Nc5 Ba8 23. Nxd7 Qxd7 24. Bb5 Rxc2 25. Qxc2 Qa7 26. Qa4 Ne4 27. Qxa5
Qxa5 28. bxa5 Bf6 29. Rc7 Nd6 30. a4 Rc8 1-0

[Event "1MCRE_F"]
[Site "?"]
[Date "2001.??.??"]
[Round "?"]
[White "Bultman, Milan"]
[Black "Makovsky, Petr"]
[Result "1/2-1/2"]
[WhiteElo "2295"]
[BlackElo "2295"]
[PlyCount "49"]
[EventDate "2001.??.??"]
[EventType "corr"]

1. d4 d5 2. Nf3 Nf6 3. Bg5 Ne4 4. Bf4 Bf5 5. Nbd2 c6 6. e3 e6 7. Nxe4 Bxe4 8.
Nd2 Bg6 9. Be2 Bd6 10. Bxd6 Qxd6 11. c4 O-O 12. Qb3 Nd7 13. O-O Qc7 14. Rac1
Nf6 15. Rfe1 Rfe8 16. Red1 e5 17. dxe5 Rxe5 18. Nf3 dxc4 19. Qxc4 Re7 20. Rd4
Be4 21. Rcd1 Rae8 22. a3 b6 23. b4 c5 24. Rd6 h6 25. h3 1/2-1/2

[Event "1MCRE_F"]
[Site "?"]
[Date "2001.??.??"]
[Round "?"]
[White "Gubas, Jan"]
[Black "Vrkoc, David"]
[Result "1/2-1/2"]
[WhiteElo "2250"]
[BlackElo "2335"]
[PlyCount "61"]
[EventDate "2001.??.??"]
[EventType "corr"]

1. e4 c5 2. Nf3 d6 3. d4 cxd4 4. Nxd4 Nf6 5. Nc3 a6 6. Be2 e5 7. Nb3 Be7 8. O-O
O-O 9. Qd3 Nc6 10. Bg5 Be6 11. Rfd1 Rc8 12. a3 Re8 13. Be3 b5 14. Nd5 Bxd5 15.
exd5 e4 16. Qd2 Ne5 17. Na5 Qd7 18. a4 bxa4 19. Bxa6 Ra8 20. Be2 Nfg4 21. Nc6
Nxe3 22. Qxe3 Bf6 23. Bb5 Ng4 24. Qe2 e3 25. f3 Nf2 26. Nb4 Qb7 27. Rdb1 Be5
28. Ra3 Kf8 29. c4 Qe7 30. g3 Qg5 31. Rxe3 1/2-1/2

[Event "1MCRE_F"]
[Site "?"]
[Date "2001.??.??"]
[Round "?"]
[White "Doudera, Lubomir"]
[Black "Makovsky, Petr"]
[Result "0-1"]
[WhiteElo "2260"]
[BlackElo "2295"]
[PlyCount "66"]
[EventDate "2001.??.??"]
[EventType "corr"]

1. e4 e5 2. Nf3 Nc6 3. Bc4 Nf6 4. Ng5 d5 5. exd5 Na5 6. Bb5+ c6 7. dxc6 bxc6 8.
Be2 h6 9. Nf3 e4 10. Ne5 Bd6 11. d4 exd3 12. Nxd3 Qc7 13. b3 O-O 14. Bb2 Ne4
15. h3 c5 16. c4 Nc6 17. O-O Bf5 18. Na3 Bh2+ 19. Kh1 Rad8 20. Nb5 Qb8 21. Qe1
Rfe8 22. Rd1 Bc7 23. Nxc7 Qxc7 24. Nc1 Nd4 25. Bd3 Ng5 26. Qc3 Bxh3 27. f4
Bxg2+ 28. Kxg2 Qc6+ 29. Kh2 Ngf3+ 30. Rxf3 Qxf3 31. Rf1 Qh5+ 32. Kg2 Rd6 33.
Bb1 Rde6 0-1

[Event "1MCRE_F"]
[Site "?"]
[Date "2001.??.??"]
[Round "?"]
[White "Macka, Miroslav"]
[Black "Bures, Jilji"]
[Result "1/2-1/2"]
[WhiteElo "2270"]
[BlackElo "2285"]
[PlyCount "74"]
[EventDate "2001.??.??"]
[EventType "corr"]

1. e4 c5 2. Nf3 Nc6 3. d4 cxd4 4. Nxd4 Nf6 5. Nc3 e5 6. Ndb5 d6 7. Bg5 a6 8.
Na3 b5 9. Nd5 Be7 10. Bxf6 Bxf6 11. c3 O-O 12. Nc2 Bg5 13. a4 bxa4 14. Rxa4 a5
15. Bc4 Kh8 16. O-O f5 17. exf5 Bxf5 18. Bd3 Be6 19. Be4 Rb8 20. b4 axb4 21.
Ncxb4 Nxb4 22. Nxb4 Qe8 23. Ra7 Bc4 24. Qg4 h6 25. Bc6 Qe6 26. Qxe6 Bxe6 27.
Rd1 Bd8 28. Bd5 Bb6 29. Ra2 Bg4 30. Rda1 Rbc8 31. Nc6 Rc7 32. Rb2 Bc5 33. h3
Bd7 34. Nb4 Rb8 35. Raa2 Bc8 36. Be4 g5 37. Nd5 Rxb2 1/2-1/2

[Event "1MCRE_F"]
[Site "?"]
[Date "2001.??.??"]
[Round "?"]
[White "Bures, Jilji"]
[Black "Bultman, Milan"]
[Result "1-0"]
[WhiteElo "2285"]
[BlackElo "2295"]
[PlyCount "60"]
[EventDate "2001.??.??"]
[EventType "corr"]

1. e4 c5 2. Nf3 d6 3. d4 cxd4 4. Nxd4 Nf6 5. Nc3 Nc6 6. Bg5 e6 7. Qd2 a6 8.
O-O-O h6 9. Be3 Be7 10. f3 Nxd4 11. Bxd4 b5 12. Kb1 Bb7 13. g4 Qc7 14. h4 b4
15. Na4 d5 16. Nb6 Rd8 17. e5 Nd7 18. Nxd7 Qxd7 19. Bd3 Qa4 20. f4 Bc6 21. b3
Qa5 22. f5 Rc8 23. fxe6 fxe6 24. Rdf1 Rc7 25. Bg6+ Kd8 26. Qe3 Rb7 27. Rf7 Kc8
28. Qf3 Be8 29. Rxg7 Bc5 30. Bxc5 Rxg7 1-0

[Event "1MCRE_F"]
[Site "?"]
[Date "2001.??.??"]
[Round "?"]
[White "Ryska, Jiri"]
[Black "Pytlik, Lesek"]
[Result "1/2-1/2"]
[WhiteElo "2210"]
[BlackElo "2260"]
[PlyCount "47"]
[EventDate "2001.??.??"]
[EventType "corr"]

1. e4 d5 2. exd5 Nf6 3. d4 Nxd5 4. Nf3 g6 5. Be2 Bg7 6. O-O O-O 7. Re1 c6 8. c4
Nc7 9. Nc3 Bg4 10. Qb3 b6 11. Be3 Bc8 12. Rad1 Nd7 13. Bd3 Re8 14. Bb1 Bb7 15.
a4 Rc8 16. a5 Ne6 17. axb6 axb6 18. Ng5 Nc7 19. Na4 Ba8 20. d5 cxd5 21. cxd5 b5
22. Nc3 Bxc3 23. bxc3 Nf6 24. d6 1/2-1/2

[Event "1MCRE_F"]
[Site "?"]
[Date "2001.??.??"]
[Round "?"]
[White "Pfeifer, Miroslav"]
[Black "Doudera, Lubomir"]
[Result "1/2-1/2"]
[WhiteElo "2310"]
[BlackElo "2260"]
[PlyCount "43"]
[EventDate "2001.??.??"]
[EventType "corr"]

1. e4 d5 2. exd5 Qxd5 3. Nc3 Qa5 4. d4 Nf6 5. Nf3 Bg4 6. h3 Bh5 7. g4 Bg6 8.
Ne5 e6 9. Bg2 c6 10. O-O Nbd7 11. f4 Bb4 12. f5 exf5 13. Nc4 Qa6 14. Qe2+ Kd8
15. gxf5 Bh5 16. Qd3 Re8 17. Bf4 Nb6 18. Nxb6 Qxd3 19. Bc7+ Ke7 20. cxd3 axb6
21. Bxb6 Kd6 22. Ne4+ 1/2-1/2

[Event "1MCRE_F"]
[Site "?"]
[Date "2001.??.??"]
[Round "?"]
[White "Geryk, Miroslav"]
[Black "Priesol, Daniel"]
[Result "1/2-1/2"]
[WhiteElo "2225"]
[BlackElo "2285"]
[PlyCount "60"]
[EventDate "2001.??.??"]
[EventType "corr"]

1. e4 c6 2. d4 d5 3. e5 Bf5 4. Nc3 Qb6 5. Nf3 Bg4 6. Be2 e6 7. O-O Nd7 8. h3
Bh5 9. a3 Ne7 10. Na4 Qc7 11. b4 Bxf3 12. Bxf3 Ng6 13. Nb2 Be7 14. c4 dxc4 15.
Nxc4 Nb6 16. Qb3 Nxc4 17. Qxc4 Qd7 18. a4 a6 19. Be4 O-O 20. Be3 Nh4 21. b5
axb5 22. axb5 cxb5 23. Qd3 h6 24. d5 exd5 25. Bxd5 Kh8 26. Rxa8 Rxa8 27. Rd1
Ng6 28. Qe2 Qe8 29. e6 fxe6 30. Bxe6 b4 1/2-1/2

[Event "1MCRE_F"]
[Site "?"]
[Date "2001.??.??"]
[Round "?"]
[White "Alexa, Jaroslav"]
[Black "Priesol, Daniel"]
[Result "1/2-1/2"]
[WhiteElo "2380"]
[BlackElo "2285"]
[PlyCount "69"]
[EventDate "2001.??.??"]
[EventType "corr"]

1. d4 Nf6 2. c4 e6 3. Nf3 d5 4. Nc3 c5 5. cxd5 Nxd5 6. e4 Nxc3 7. bxc3 cxd4 8.
cxd4 Bb4+ 9. Bd2 Bxd2+ 10. Qxd2 O-O 11. Bc4 Nc6 12. O-O b6 13. Rfe1 Bb7 14.
Rad1 Ne7 15. d5 exd5 16. exd5 Nf5 17. Ne5 Nd6 18. Nc6 Qf6 19. Bb3 Rfe8 20.
Rxe8+ Nxe8 21. Re1 Nd6 22. h3 h6 23. Qb4 Kh8 24. a4 Nf5 25. Rd1 Nd6 26. Rd3 Kg8
27. Rf3 Qa1+ 28. Kh2 Bxc6 29. dxc6 Qe5+ 30. Qf4 Qxf4+ 31. Rxf4 Rc8 32. Bd5 Rc7
33. g4 Kf8 34. Kg3 Ke7 35. Rb4 1/2-1/2

[Event "1MCRE_F"]
[Site "?"]
[Date "2001.??.??"]
[Round "?"]
[White "Pfeifer, Miroslav"]
[Black "Priesol, Daniel"]
[Result "0-1"]
[WhiteElo "2310"]
[BlackElo "2285"]
[PlyCount "68"]
[EventDate "2001.??.??"]
[EventType "corr"]

1. e4 e5 2. d4 exd4 3. Qxd4 Nc6 4. Qe3 Nf6 5. Nc3 Bb4 6. Bd2 O-O 7. O-O-O Re8
8. Qg3 Rxe4 9. a3 Rg4 10. Qe3 Ba5 11. f3 Rd4 12. Nge2 Nd5 13. Nxd5 Rxd5 14. Nc3
Re5 15. Qf4 d6 16. Bd3 Re8 17. h4 Ne5 18. Be4 c6 19. Rhe1 Bc7 20. Qg3 d5 21. f4
Bg4 22. Bf3 Bxf3 23. gxf3 Nc4 24. Rxe8+ Qxe8 25. Rg1 g6 26. Re1 Qd8 27. Qg5
Nxd2 28. Kxd2 Qd6 29. Ne2 Bd8 30. Qe5 Qxe5 31. fxe5 Bxh4 32. Rh1 Be7 33. Kd3
Re8 34. f4 f6 0-1

[Event "1MCRE_F"]
[Site "?"]
[Date "2001.??.??"]
[Round "?"]
[White "Alexa, Jaroslav"]
[Black "Makovsky, Petr"]
[Result "1/2-1/2"]
[WhiteElo "2380"]
[BlackElo "2295"]
[PlyCount "91"]
[EventDate "2001.??.??"]
[EventType "corr"]

1. d4 d5 2. c4 c6 3. Nf3 Nf6 4. Nc3 dxc4 5. a4 Bf5 6. Ne5 Nbd7 7. Nxc4 Qc7 8.
g3 e5 9. dxe5 Nxe5 10. Bf4 Nfd7 11. Bg2 f6 12. O-O Nc5 13. Ne3 Bg6 14. b4 Ne6
15. b5 Rd8 16. Qb3 Bf7 17. Bxe5 fxe5 18. bxc6 bxc6 19. Rab1 Nd4 20. Qb7 Bd6 21.
Qa6 O-O 22. Rb7 Qc8 23. Qxa7 Bc5 24. Bh3 Bxa7 25. Bxc8 Nxe2+ 26. Nxe2 Bxe3 27.
fxe3 Rxc8 28. Nc3 Bc4 29. Rxf8+ Rxf8 30. Ne4 h6 31. Rc7 Rf1+ 32. Kg2 Rf8 33.
Re7 Bd5 34. Rxe5 g6 35. g4 Ra8 36. Kg3 Kf7 37. g5 hxg5 38. Nxg5+ Kf6 39. Kf4
Rxa4+ 40. e4 Bc4 41. Re8 Ra2 42. e5+ Kg7 43. Re7+ Kf8 44. Rc7 Rxh2 45. Rxc6 Bd3
46. Ne6+ 1/2-1/2